[Event "play 4 fun"]
[Site "SchemingMind.com"]
[Date "2009.09.10"]
[Round "-"]
[White "Time Sprout"]
[Black "aston294"]
[Result "1-0"]
[WhiteCountry "GBR"]
[BlackCountry "ENG"]
[WhiteElo "1437"]
[WhiteRD "77"]
[BlackElo "1099"]
[BlackRD "76"]
[GameID "219157"]

1. c4 c5 2. g3 Nf6 3. d3 Nc6 4. e4 d5 5. Nd2 dxe4 6. Nxe4 Bg4 7. Be2 h5 8. Bxg4 hxg4 9. Ne2 Nd4 10. Nxd4 Nxe4
11. Qxg4 Nf6 12. Qf5 e6 13. Qe5 Qd6 14. Bf4 Qxe5+ 15. Bxe5 Nd7 16. Bc7 Rc8 17. Bf4 cxd4 18. O-O Nc5 19. Rfd1 Rd8 20. b4 Nd7
21. c5 b6 22. c6 Nf6 23. c7 Rc8 24. Re1 Nh5 25. a3 Nf6 26. Rac1 Nd5 27. Be5 f6 28. Bxd4 Nxc7 29. Rc6 Nd5 30. Rxc8+ Kf7
31. Rec1 g5 32. Ra8 e5 33. Rxa7+ Ke6 34. Rc6+ Kf5 35. Ba1 Rh6 36. f3 Ne3 37. g4+ Kf4 38. Kf2 Rxh2+ 39. Kg1 Rh3 40. Rxf6+ Kg3
41. Bxe5+ Kh4 42. Rh7+ Bh6 43. Rhxh6#
1-0

[Event "play 4 fun"]
[Site "SchemingMind.com"]
[Date "2009.09.10"]
[Round "-"]
[White "aston294"]
[Black "Time Sprout"]
[Result "0-1"]
[WhiteCountry "ENG"]
[BlackCountry "GBR"]
[WhiteElo "1174"]
[WhiteRD "82"]
[BlackElo "1408"]
[BlackRD "79"]
[GameID "219158"]

1. d4 d5 2. Nc3 e6 3. Nf3 Nf6 4. Ne5 Bd6 5. Nf3 O-O 6. Ng5 Nc6 7. e4 e5 8. exd5 Nxd4 9. Bb5 Bg4 10. h3 Bxd1
11. Bc4 Bxc2 12. Ne2 Bb4+ 13. Bd2 Bxd2+ 14. Kxd2 h6 15. Rac1 c6 16. Nxd4 cxd5 17. Rxc2 hxg5 18. Bxd5 Qxd5 19. f3 Qxd4+ 20. Kc1 Rac8
21. Rd1 Qe3+ 22. Kb1 Rxc2 23. Kxc2 Rc8+ 24. Kb1 Qe2 25. Rc1 Rxc1+ 26. Kxc1 Qxg2 27. Kd1 Qxf3+ 28. Kd2 Ne4+ 29. Kc2 Qxh3
0-1

[Event "play 4 fun"]
[Site "SchemingMind.com"]
[Date "2009.09.10"]
[Round "-"]
[White "Kuku"]
[Black "aston294"]
[Result "1-0"]
[WhiteCountry "POL"]
[BlackCountry "ENG"]
[WhiteElo "1812"]
[WhiteRD "148"]
[BlackElo "1066"]
[BlackRD "105"]
[GameID "219163"]

1. d4 d5 2. c4 dxc4 3. Nf3 Nc6 4. Nc3 e5 5. d5 Nd4 6. Nxe5 f6 7. Qxd4 fxe5 8. Qxe5+ Be7 9. Bg5 h6 10. Qxg7 Bxg5
11. Qxh8 Bf6 12. Qxg8+ Kd7 13. Qe6#
1-0

[Event "play 4 fun"]
[Site "SchemingMind.com"]
[Date "2009.09.10"]
[Round "-"]
[White "Kuku"]
[Black "Time Sprout"]
[Result "1-0"]
[WhiteCountry "POL"]
[BlackCountry "GBR"]
[WhiteElo "1812"]
[WhiteRD "148"]
[BlackElo "1419"]
[BlackRD "78"]
[GameID "219164"]

1. d4 Nc6 2. e4 e5 3. Nf3 f6 4. d5 Nce7 5. c4 c5 6. Be2 d6 7. O-O Bd7 8. Nc3 g6 9. Nd2 f5 10. f4 exf4
11. exf5 Nxf5 12. Rxf4 Nge7 13. Nde4 Bg7 14. g4 Nh4 15. Nxd6#
1-0

[Event "play 4 fun"]
[Site "SchemingMind.com"]
[Date "2009.09.10"]
[Round "-"]
[White "aston294"]
[Black "Kuku"]
[Result "0-1"]
[WhiteCountry "ENG"]
[BlackCountry "POL"]
[WhiteElo "1001"]
[WhiteRD "83"]
[BlackElo "1832"]
[BlackRD "115"]
[GameID "219165"]

1. e4 c5 2. c4 Nc6 3. Nc3 g6 4. Nf3 Bg7 5. d4 cxd4 6. Nxd4 Nxd4 7. Nd5 Nc6 8. Qg4 d6 9. Qf4 e5 10. Qe3 Nd4
11. Bd2 Nc2+ 12. Kd1 Nxe3+ 13. Bxe3 f5 14. exf5 Bxf5 15. g4 Bxg4+ 16. Be2 Bxe2+ 17. Kxe2 Nf6 18. f4 Nxd5 19. cxd5 exf4 20. Bxf4 O-O
21. Rac1 Rxf4 22. Ke3 Qg5 23. Rc7 Rf1+ 24. Ke2 Re8+ 25. Kxf1 Qf4+ 26. Kg2 Re2+ 27. Kh3 Re3+ 28. Kg2 Qf3+ 29. Kg1 Re1#
0-1

[Event "play 4 fun"]
[Site "SchemingMind.com"]
[Date "2009.09.10"]
[Round "-"]
[White "Time Sprout"]
[Black "Kuku"]
[Result "0-1"]
[WhiteCountry "GBR"]
[BlackCountry "POL"]
[WhiteElo "1408"]
[WhiteRD "73"]
[BlackElo "1832"]
[BlackRD "115"]
[GameID "219166"]

1. e4 c5 2. Nf3 d6 3. d4 cxd4 4. Qxd4 Nc6 5. Qe3 Nf6 6. Bd3 e5 7. O-O Be6 8. b3 Be7 9. Nc3 O-O 10. Ba3 Qa5
11. Nb1 d5 12. Nbd2 d4 13. Qe2 Qxa3 14. Nc4 Bxc4 15. Bxc4 Rac8 16. Nd2 Nd7 17. Nb1 Qc5 18. a3 Nb6 19. Nd2 Nxc4 20. Nxc4 Bg5
21. b4 Qe7 22. g3 f5 23. f3 b5 24. Nd2 a6 25. c4 dxc3 26. Nb1 Nd4 27. Qd3 fxe4 28. fxe4 c2 29. Nd2 Rxf1+ 30. Nxf1 c1=Q
31. Rxc1 Rxc1 32. h4 Bh6
0-1

[Event "play 4 fun"]
[Site "SchemingMind.com"]
[Date "2009.09.14"]
[Round "-"]
[White "mebalse"]
[Black "aston294"]
[Result "1-0"]
[WhiteCountry "URU"]
[BlackCountry "ENG"]
[WhiteElo "1864"]
[WhiteRD "81"]
[BlackElo "1001"]
[BlackRD "83"]
[GameID "219314"]

1. e4 e5 2. Bc4 c5 3. d3 d6 4. Ne2 Bg4 5. f3 Bd7 6. f4 exf4 7. Bxf4 g5 8. Bg3 Qe7 9. Nbc3 Nc6 10. Nd5 Qe6
11. Nc7+ Ke7 12. Bxe6 Rc8 13. Bxd7 Kxd7 14. Nd5 Nf6 15. Nxf6+ Ke7 16. Nd5+ Ke6 17. Nef4+ gxf4 18. Qg4+ Ke5 19. Qxf4+ Kd4 20. Bf2#
1-0

[Event "play 4 fun"]
[Site "SchemingMind.com"]
[Date "2009.09.14"]
[Round "-"]
[White "mebalse"]
[Black "Kuku"]
[Result "1-0"]
[WhiteCountry "URU"]
[BlackCountry "POL"]
[WhiteElo "1924"]
[WhiteRD "80"]
[BlackElo "1705"]
[BlackRD "109"]
[GameID "219316"]

1. d4 f5 2. c4 Nf6 3. Nc3 e6 4. a3 d5 5. c5 Be7 6. b4 O-O 7. Bf4 c6 8. Bxb8 Rxb8 9. f4 Ng4 10. Qd3 a5
11. h3 Nf6 12. g4 Ne4 13. Nxe4 fxe4 14. Qd2 Bh4+ 15. Kd1 g5 16. e3 e5 17. dxe5 gxf4 18. exf4 Bg3 19. Ne2 Bf2 20. f5 d4
21. Nf4 Be3 22. Qa2+ Kh8 23. Ne6 Bxe6 24. Qxe6 Re8 25. Qd6 Qh4 26. Bc4 Rbd8 27. Qf6+ Qxf6 28. exf6 Bg5= 29. f7 Re7 30. h4 Bf4
31. f6 Re5 32. Kc2 d3+= 33. Kc3 d2 34. g5
1-0

[Event "play 4 fun"]
[Site "SchemingMind.com"]
[Date "2009.09.14"]
[Round "-"]
[White "aston294"]
[Black "mebalse"]
[Result "0-1"]
[WhiteCountry "ENG"]
[BlackCountry "URU"]
[WhiteElo "1001"]
[WhiteRD "83"]
[BlackElo "1864"]
[BlackRD "81"]
[GameID "219317"]

1. d4 Nf6 2. Nf3 g6 3. Nc3 Bg7 4. e4 d5 5. exd5 Nxd5 6. Ne5 Nxc3 7. bxc3 Bxe5 8. dxe5 Qxd1+ 9. Kxd1 Nc6 10. Bc4 Nxe5
11. f4 Nxc4 12. Ba3 Bg4+ 13. Ke1 O-O-O 14. h3 Bf5 15. Rd1 Nxa3 16. Rxd8+ Rxd8 17. g4 Bxc2 18. g5 Rd1+ 19. Ke2 Rxh1
0-1

[Event "play 4 fun"]
[Site "SchemingMind.com"]
[Date "2009.09.14"]
[Round "-"]
[White "Time Sprout"]
[Black "mebalse"]
[Result "0-1"]
[WhiteCountry "GBR"]
[BlackCountry "URU"]
[WhiteElo "1408"]
[WhiteRD "79"]
[BlackElo "1916"]
[BlackRD "80"]
[GameID "219318"]

1. e4 d5 2. e5 d4 3. d3 b6 4. Nf3 Bb7 5. c3 dxc3 6. Nxc3 e6 7. d4 Ne7 8. g3 Nd5 9. Bg2 Bb4 10. O-O Nxc3
11. Qd2 Nd5 12. Qc2 Nd7 13. b3 Ba6 14. Rd1 Be7 15. Bf1 Bxf1 16. Kxf1 c5 17. Bb2 Rc8 18. Rd3 cxd4 19. Qd2 Bb4 20. Qg5 Qxg5
21. Nxg5 Bc3 22. Rb1 Nxe5 23. Rdd1 Ke7 24. Ne4 b5 25. Ba3+ b4 26. Bb2 f5 27. Nd2 Bxb2 28. Rxb2 Nc3 29. Ra1 Nd3 30. Rc2 e5
31. Nf3 Kf6 32. a3 Ne4 33. Rxc8 Rxc8 34. axb4 Nxb4 35. Rxa7 d3 36. Rb7 Rc1+ 37. Kg2 Nd5 38. b4 g5 39. Rxh7 g4
0-1

[Event "play 4 fun"]
[Site "SchemingMind.com"]
[Date "2009.09.14"]
[Round "-"]
[White "Kuku"]
[Black "mebalse"]
[Result "0-1"]
[WhiteCountry "POL"]
[BlackCountry "URU"]
[WhiteElo "1778"]
[WhiteRD "110"]
[BlackElo "1916"]
[BlackRD "80"]
[GameID "219319"]

1. d4 e6 2. c4 d5 3. Nc3 Nf6 4. Bf4 c5 5. dxc5 Bxc5 6. cxd5 Nxd5 7. Nxd5 Qxd5 8. Qxd5 exd5 9. Nf3 Nc6 10. a3 Be6
11. b4 Bb6 12. e3 f6 13. Bd3 a5 14. b5 Ne7 15. Ke2 g5 16. Bg3 Nf5 17. Rac1 Kd7 18. Rc2 h5 19. h3 Rhc8 20. Rhc1 Nxg3+
21. fxg3 Rxc2+ 22. Rxc2 g4 23. Ng1 Rg8 24. h4 Kd6 25. Kd2 d4 26. e4 Bb3 27. Rc1 a4 28. Ne2= Ba5+ 29. Nc3 Bxc3+ 30. Ke2 Bb2
0-1

[Event "play 4 fun"]
[Site "SchemingMind.com"]
[Date "2009.09.14"]
[Round "-"]
[White "catfishcore"]
[Black "mebalse"]
[Result "0-1"]
[WhiteCountry "USA"]
[BlackCountry "URU"]
[WhiteElo "1389"]
[WhiteRD "79"]
[BlackElo "1864"]
[BlackRD "81"]
[GameID "219322"]

1. d4 d5 2. Nf3 Bg4 3. Ne5 Bh5 4. g3 e6 5. a3 f6 6. Nd3 Nd7 7. Nf4 Bf7 8. Bg2 g5 9. Nd3 c5 10. dxc5 Nxc5
11. O-O Rc8 12. Be3 h5 13. f3 d4 14. Bd2 e5 15. b4 Nxd3 16. cxd3 b5 17. a4 a6 18. axb5 axb5 19. Re1 Bd6 20. e4 h4
21. Bh3 hxg3 22. Bxc8 Qxc8 23. Re2 Qh3 24. Ra8+ Kd7 25. Be1 gxh2+ 26. Kh1 Qf1#
0-1

[Event "play 4 fun"]
[Site "SchemingMind.com"]
[Date "2009.09.11"]
[Round "-"]
[White "catfishcore"]
[Black "aston294"]
[Result "1-0"]
[WhiteCountry "USA"]
[BlackCountry "ENG"]
[WhiteElo "1392"]
[WhiteRD "94"]
[BlackElo "1066"]
[BlackRD "105"]
[GameID "219323"]

1. d4 d5 2. Nf3 Nf6 3. h3 Nc6 4. Bf4 Ne4 5. Nbd2 Nxd2 6. Qxd2 f5 7. g4 fxg4 8. Ne5 e6 9. Nxg4 Qh4 10. a3 Bd6
11. Bg5 Qh5 12. c3 h6 13. Bf4 g5 14. Nf6+ Kf7 15. Nxh5 Bxf4 16. Nxf4 gxf4 17. Qxf4+ Ke7 18. Qxc7+ Bd7 19. Qxb7 Na5 20. Qb4+ Kd8
21. Qxa5+
1-0

[Event "play 4 fun"]
[Site "SchemingMind.com"]
[Date "2009.09.11"]
[Round "-"]
[White "catfishcore"]
[Black "Time Sprout"]
[Result "1-0"]
[WhiteCountry "USA"]
[BlackCountry "GBR"]
[WhiteElo "1389"]
[WhiteRD "79"]
[BlackElo "1408"]
[BlackRD "73"]
[GameID "219324"]

1. c4 c5 2. Nf3 Nc6 3. Nc3 e5 4. e4 Nf6 5. h3 d6 6. a3 Nd4 7. d3 Nxf3+ 8. Qxf3 g6 9. Bg5 Bg7 10. Nd5 h6
11. Nxf6+ Kf8 12. Nh7+ Rxh7 13. Bxd8 g5 14. Bf6 Bxf6 15. Qxf6
1-0

[Event "play 4 fun"]
[Site "SchemingMind.com"]
[Date "2009.09.11"]
[Round "-"]
[White "catfishcore"]
[Black "Kuku"]
[Result "0-1"]
[WhiteCountry "USA"]
[BlackCountry "POL"]
[WhiteElo "1389"]
[WhiteRD "79"]
[BlackElo "1832"]
[BlackRD "115"]
[GameID "219325"]

1. d4 f5 2. Nf3 Nf6 3. Bf4 e6 4. c3 Be7 5. Qd2 Nc6 6. Bh6 gxh6 7. h3 d6 8. Qxh6 Rg8 9. Qe3 Bd7 10. Qd3 Bf8
11. g4 fxg4 12. hxg4 Rxg4 13. Bh3 Rg6 14. Nh4 Rh6 15. Nf3 Qe7 16. Ng5 O-O-O 17. Nd2 Nd5 18. Ndf3 Nf4 19. Qd2 Nxh3 20. Nxh3 e5
21. Nfg5 exd4 22. cxd4 Bxh3 23. Nxh3 Re8 24. e3 Bg7 25. O-O-O Rf8 26. d5 Ne5 27. Qa5 a6 28. b4 Nc4 29. Qa4 Bb2+ 30. Kc2 Rxh3
31. Rxh3 Qe4+ 32. Rd3 Rxf2+
0-1

[Event "play 4 fun"]
[Site "SchemingMind.com"]
[Date "2009.09.15"]
[Round "-"]
[White "mebalse"]
[Black "catfishcore"]
[Result "1-0"]
[WhiteCountry "URU"]
[BlackCountry "USA"]
[WhiteElo "1864"]
[WhiteRD "81"]
[BlackElo "1389"]
[BlackRD "79"]
[GameID "219326"]

1. e4 Nc6 2. d4 e6 3. c4 h6 4. a3 b6 5. b4 Qf6 6. Be3 Bb7 7. e5 Qe7 8. Qb3 a6 9. Ne2 f6 10. f4 f5
11. Nd2 g5 12. d5 Na7 13. Nf3 g4 14. Nfd4 h5 15. h3 Qg7 16. dxe6 gxh3 17. Rxh3 O-O-O 18. Rg3 Qh7 19. Nc3 Nh6 20. Nd5 Rg8
21. Nf6 Qh8 22. Nxg8 Nxg8 23. c5 b5 24. Rxg8 Qh7 25. exd7+ Kb8 26. Rxf8 Rxf8 27. Qe6 Qg7 28. Nxf5 Qh7 29. Rd1 Nc6 30. Qe8+ Rxe8
31. dxe8=Q+ Ka7 32. Nd6 Qg6 33. Nc8+
1-0

[Event "play 4 fun"]
[Site "SchemingMind.com"]
[Date "2009.09.11"]
[Round "-"]
[White "aston294"]
[Black "catfishcore"]
[Result "0-1"]
[WhiteCountry "ENG"]
[BlackCountry "USA"]
[WhiteElo "1001"]
[WhiteRD "83"]
[BlackElo "1389"]
[BlackRD "79"]
[GameID "219327"]

1. c4 Nf6 2. d4 d5 3. Nd2 e6 4. cxd5 exd5 5. Ngf3 Nc6 6. Ne5 Nxd4 7. e3 Ne6 8. Qa4+ c6 9. Nxc6 Bd7 10. Nxd8 Bxa4
11. Nxe6 fxe6 12. b3 Bc6 13. e4 dxe4 14. f3 e3 15. Ne4 Bb4+ 16. Kd1 Rd8+ 17. Nd2 Bc3 18. Rb1 Nh5 19. Bc4 Nf4 20. Bb2 Rxd2+
21. Kc1 Bb4 22. Re1 Nxg2 23. Rxe3 Nxe3 24. a3 Rc2#
0-1

[Event "play 4 fun"]
[Site "SchemingMind.com"]
[Date "2009.09.11"]
[Round "-"]
[White "Time Sprout"]
[Black "catfishcore"]
[Result "0-1"]
[WhiteCountry "GBR"]
[BlackCountry "USA"]
[WhiteElo "1408"]
[WhiteRD "73"]
[BlackElo "1389"]
[BlackRD "79"]
[GameID "219328"]

1. e4 d5 2. d3 d4 3. Nf3 c5 4. c3 h6 5. g3 Nc6 6. Bg2 e6 7. Qa4 Bd7 8. Qd1 g5 9. O-O Bg7 10. cxd4 Nxd4
11. b3 Nb5 12. Bb2 Bxb2 13. Nbd2 Bxa1 14. Qxa1 Rh7 15. Rc1 b6 16. Qe5 f6 17. Qb2 g4 18. Nh4 e5 19. Nc4 Nd4 20. f4 Qb8
21. f5 h5 22. Ng6 Qc7 23. Ne3 a5 24. Nd5 Qc6 25. a3 Kd8 26. Nf8 Rh6 27. Nxd7 Qxd7 28. Nxb6 Qb7 29. Nxa8 Qxa8 30. Rxc5 Ne7
31. Qc3 Ne2+
0-1

[Event "play 4 fun"]
[Site "SchemingMind.com"]
[Date "2009.09.11"]
[Round "-"]
[White "Kuku"]
[Black "catfishcore"]
[Result "1-0"]
[WhiteCountry "POL"]
[BlackCountry "USA"]
[WhiteElo "1812"]
[WhiteRD "148"]
[BlackElo "1392"]
[BlackRD "94"]
[GameID "219329"]

1. d4 d5 2. c4 Nc6 3. Nf3 f6 4. Bf4 g5 5. Bg3 h5 6. h3 h4 7. Bh2 Nh6 8. e3 b6 9. Nc3 e6 10. cxd5 exd5
11. Bd3 Be6 12. Qa4 Bd7 13. Bb5 Rh7 14. Bxc6 Bxc6 15. Qxc6+ Rd7 16. Nxd5 Qc8 17. Nxf6+ Ke7 18. Nxg5 Nf5 19. Qe6+ Kd8 20. Qe8#
1-0

[Event "play 4 fun"]
[Site "SchemingMind.com"]
[Date "2009.09.11"]
[Round "-"]
[White "memet"]
[Black "catfishcore"]
[Result "1-0"]
[WhiteCountry "TUR"]
[BlackCountry "USA"]
[WhiteElo "1778"]
[WhiteRD "116"]
[BlackElo "1389"]
[BlackRD "79"]
[GameID "219357"]

1. e4 b6 2. d4 Bb7 3. Nc3 e6 4. f4 Bb4 5. Bd3 a6 6. Bd2 c6 7. Nf3 h6 8. O-O Be7 9. Qe2 Nf6 10. Nh4 b5
11. e5 Nd5 12. Nf3 a5 13. f5 Nb4 14. Rad1 exf5 15. Bxf5 g6 16. Be4 d5 17. Bd3 N4a6 18. e6 Qd6 19. exf7+ Kf8 20. Ne5 Nd7
21. Nxg6+ Qxg6 22. Bxg6 Nb6 23. Rde1 Bd6 24. Qe8+ Kg7 25. Qe6 Bb4 26. Qf6+
1-0

[Event "play 4 fun"]
[Site "SchemingMind.com"]
[Date "2009.09.14"]
[Round "-"]
[White "memet"]
[Black "mebalse"]
[Result "0-1"]
[WhiteCountry "TUR"]
[BlackCountry "URU"]
[WhiteElo "1778"]
[WhiteRD "116"]
[BlackElo "1864"]
[BlackRD "81"]
[GameID "219358"]

1. e4 d5 2. d4 dxe4 3. Nc3 f5 4. Bc4 Nf6 5. Bg5 h5 6. Nh3 c6 7. Bxf6 exf6 8. f3 b5 9. Bb3 g5 10. fxe4 b4
11. Ne2 fxe4 12. Ng3 f5 13. Nxh5 g4 14. N3f4 Qh4+ 15. g3 Qd8 16. Qe2 Rh6 17. Qc4 Qe7 18. O-O-O Ba6 19. Qg8 Nd7 20. d5 O-O-O
21. dxc6 Rxc6 22. Ba4 Bc4 23. Nd5 Qc5 24. Bxc6 Bh6+ 25. Ndf4 Bxg8 26. Bxd7+ Rxd7 27. Rxd7 Kxd7 28. Nf6+ Kc6 29. Nxg8 Bxf4+ 30. gxf4 Qf8
31. h3 Qxg8 32. hxg4 Qxg4 33. Rh6+ Kc5 34. Rh7 e3 35. Re7 Qg1#
0-1

[Event "play 4 fun"]
[Site "SchemingMind.com"]
[Date "2009.09.11"]
[Round "-"]
[White "memet"]
[Black "aston294"]
[Result "1-0"]
[WhiteCountry "TUR"]
[BlackCountry "ENG"]
[WhiteElo "1778"]
[WhiteRD "116"]
[BlackElo "1001"]
[BlackRD "83"]
[GameID "219359"]

1. e4 e5 2. Nf3 Nc6 3. c3 Qe7 4. Bb5 a6 5. Ba4 b5 6. Bc2 Nf6 7. d4 exd4 8. O-O dxc3 9. Nxc3 b4 10. Nd5 Qd6
11. Qe2 Nxd5 12. exd5+ Qe7 13. Qd2 Ne5 14. Nxe5 Qxe5 15. Re1 Qe7 16. Rxe7+ Kxe7 17. Qxb4+ d6 18. Qc4 Kd8 19. Bg5+ f6 20. Bd2 Rb8
21. Ba5 g5 22. Qxc7+ Ke8 23. Re1+ Be7 24. Qxe7#
1-0

[Event "play 4 fun"]
[Site "SchemingMind.com"]
[Date "2009.09.14"]
[Round "-"]
[White "memet"]
[Black "Time Sprout"]
[Result "1-0"]
[WhiteCountry "TUR"]
[BlackCountry "GBR"]
[WhiteElo "1778"]
[WhiteRD "116"]
[BlackElo "1408"]
[BlackRD "73"]
[GameID "219360"]

1. e4 Nf6 2. e5 Nd5 3. c4 Nf4 4. d4 e6 5. Bxf4 d5 6. Qa4+ Nd7 7. cxd5 g6 8. Bb5 Bg7 9. Nf3 O-O 10. d6 c6
11. Bd3 a6 12. h4 b5 13. Qc2 Nb6 14. Qxc6 Bd7 15. Qe4 f5 16. exf6 Rxf6 17. Bg5 Nd5 18. h5 Qf8 19. Bxf6 Rc8 20. Bg5 Bc6
21. Qxe6+ Kh8 22. hxg6 Re8 23. Rxh7#
1-0

[Event "play 4 fun"]
[Site "SchemingMind.com"]
[Date "2009.09.11"]
[Round "-"]
[White "memet"]
[Black "Kuku"]
[Result "0-1"]
[WhiteCountry "TUR"]
[BlackCountry "POL"]
[WhiteElo "1778"]
[WhiteRD "116"]
[BlackElo "1832"]
[BlackRD "115"]
[GameID "219361"]

1. e4 c5 2. Nf3 d6 3. Bb5+ Bd7 4. Qe2 Nc6 5. c3 a6 6. Ba4 Nf6 7. d4 cxd4 8. Bxc6 bxc6 9. cxd4 g6 10. Nc3 Bg7
11. Bf4 Nh5 12. Bd2 O-O 13. h4 Qb6 14. Rb1 Bg4 15. Be3 Bxf3 16. Qxf3 Bxd4 17. Bxd4 Qxd4 18. g4 Nf6 19. h5 g5 20. Rd1 Qe5
21. Rf1 d5 22. Qf5 Qxf5 23. exf5 h6 24. f4 gxf4 25. Rxf4 Kh7 26. Kf2 Rg8 27. Kf3 Rab8 28. b3 a5 29. Rg1 Nxh5 30. Ra4 Rb4
31. Re1 Rgxg4 32. Rxb4 Rg3+ 33. Kf2 axb4 34. Na4 Rg5 35. Rxe7 Rxf5+ 36. Ke3 Kg6 37. Rb7 Ng3 38. Rxb4 Ne4 39. Rb6 Rf6 40. Kd4 h5
41. Nc5 Nxc5 42. Kxc5 h4 43. Rb8 Kg7 44. Re8 h3 45. Re1 h2 46. a4 Rf2 47. Kxc6 d4 48. a5 d3 49. a6 d2 50. Rd1 Re2
51. a7 Re1 52. Rxd2 h1=Q+ 53. Rd5 Rc1+ 54. Kd6 Qh6+ 55. Ke7 Qe6+
0-1

[Event "play 4 fun"]
[Site "SchemingMind.com"]
[Date "2009.09.11"]
[Round "-"]
[White "catfishcore"]
[Black "memet"]
[Result "0-1"]
[WhiteCountry "USA"]
[BlackCountry "TUR"]
[WhiteElo "1389"]
[WhiteRD "79"]
[BlackElo "1778"]
[BlackRD "116"]
[GameID "219362"]

1. Nf3 d5 2. d4 Nf6 3. Bf4 e6 4. e3 c5 5. Nc3 Nc6 6. Bb5 Qb6 7. Ne5 c4 8. Rb1 Bb4 9. a4 Bd7 10. O-O a6
11. Nxd7 Nxd7 12. Bxc6 Qxc6 13. Qg4 g6 14. Qh4 Be7 15. Qg3 Nf6 16. Be5 O-O 17. Qh4 Kg7 18. g4 b5 19. a5 b4 20. Ne2 Qa4
21. h3 Qxc2 22. g5 Qf5 23. Qh6+ Kg8 24. Ng3 Qf3 25. Rbc1 Ne8 26. h4 f6 27. Bf4 Bd6 28. h5 Bxf4 29. hxg6 Ra7 30. exf4 Qxf4
31. Qh3 Re7 32. Nh5 Qxg5+ 33. Kh2 hxg6 34. Rg1 Qf5 35. Rg4 Rh7 36. Nxf6+ Nxf6 37. Rh4 Qxh3+ 38. Rxh3 Ng4+ 39. Kg2 Rxf2+ 40. Kg3 Rxh3+
41. Kxg4 Rb3 42. Re1 Kf7 43. Rh1 Rg2+ 44. Kf4 Rbxb2 45. Ke5 Rh2 46. Rf1+ Ke7
0-1

[Event "play 4 fun"]
[Site "SchemingMind.com"]
[Date "2009.09.15"]
[Round "-"]
[White "mebalse"]
[Black "memet"]
[Result "1-0"]
[WhiteCountry "URU"]
[BlackCountry "TUR"]
[WhiteElo "1916"]
[WhiteRD "80"]
[BlackElo "1808"]
[BlackRD "102"]
[GameID "219363"]

1. c4 Nf6 2. d4 d5 3. Bg5 e6 4. c5 c6 5. b4 a5 6. Qa4 Be7 7. e3 b5 8. Qb3 a4 9. Qc2 Ne4 10. Bf4 Nd7
11. Bd3 f5 12. Nf3 g5 13. Be5 Nxe5 14. Nxe5 Bb7 15. f3 Nf6 16. Nc3 g4 17. Nxb5 Ba6 18. Nxc6 Qd7 19. Ne5 Qb7 20. Qe2 Rb8
21. Nc7+ Qxc7 22. Bxa6 Rxb4 23. Bb5+ Kf8 24. Nc6 Rxb5 25. Qxb5 Kg7 26. Rb1 gxf3 27. gxf3 Nh5 28. Nxe7 Qxe7 29. Qa6 Qh4+ 30. Ke2 Kf6
31. Qd6 Re8 32. Qe5+ Kg6 33. Rhg1+ Kh6 34. Rg2 Re7 35. Rb6 Qf6 36. c6 Qxe5 37. dxe5 d4 38. Rb7 Re8 39. c7 Ng7 40. Rxg7
1-0

[Event "play 4 fun"]
[Site "SchemingMind.com"]
[Date "2009.09.11"]
[Round "-"]
[White "aston294"]
[Black "memet"]
[Result "0-1"]
[WhiteCountry "ENG"]
[BlackCountry "TUR"]
[WhiteElo "1001"]
[WhiteRD "83"]
[BlackElo "1778"]
[BlackRD "116"]
[GameID "219364"]

1. d4 d5 2. Nc3 Nf6 3. Nf3 Bg4 4. h3 Bd7 5. Ne5 c5 6. dxc5 e6 7. Nxd7 Qxd7 8. e4 Bxc5 9. Nb5 Nxe4 10. Bd3 Nxf2
11. Qf3 Nxh1 12. g4 Nf2 13. Be3 Nxd3+ 14. Ke2 Bxe3 15. Kxe3 Qxb5 16. a4 Qxb2 17. Rf1 Ne5 18. Qg3 Nbc6 19. Rd1 Qc3+ 20. Rd3 Nxd3
21. g5 Nde5+ 22. Kf4 Ng6+ 23. Kg4 Nce5+ 24. Kh5 Qxg3 25. h4 Nf4#
0-1

[Event "play 4 fun"]
[Site "SchemingMind.com"]
[Date "2009.09.11"]
[Round "-"]
[White "Time Sprout"]
[Black "memet"]
[Result "0-1"]
[WhiteCountry "GBR"]
[BlackCountry "TUR"]
[WhiteElo "1408"]
[WhiteRD "73"]
[BlackElo "1778"]
[BlackRD "116"]
[GameID "219365"]

1. e4 e5 2. d3 Nf6 3. Nf3 Nc6 4. g3 Bc5 5. Bg2 d5 6. Nbd2 Bg4 7. O-O O-O 8. c3 Re8 9. c4 dxe4 10. Nxe4 Bd4
11. Qb3 Rb8 12. Re1 Nxe4 13. Rxe4 Bxf3 14. Bxf3 Qf6 15. Be3 Qxf3 16. Bxd4 exd4 17. Rae1 Rxe4 18. dxe4 Qxb3
0-1

[Event "play 4 fun"]
[Site "SchemingMind.com"]
[Date "2009.09.11"]
[Round "-"]
[White "Kuku"]
[Black "memet"]
[Result "1-0"]
[WhiteCountry "POL"]
[BlackCountry "TUR"]
[WhiteElo "1832"]
[WhiteRD "115"]
[BlackElo "1778"]
[BlackRD "116"]
[GameID "219366"]

1. d4 d5 2. c4 Nf6 3. cxd5 Nxd5 4. e4 Nb6 5. Nc3 e5 6. Nf3 Bg4 7. Be3 Bxf3 8. gxf3 Bb4 9. Qb3 Na6 10. O-O-O Bxc3
11. Qxc3 Qe7 12. d5 O-O 13. Kb1 Rac8 14. Bxa6 bxa6 15. Bc5 Na4 16. Bxe7 Nxc3+ 17. bxc3 Rb8+ 18. Kc2 Rfe8 19. Rb1 Rb6 20. Bc5 Rg6
21. Rhg1 Rh6 22. Rg2 Ra8 23. Rb7 c6 24. d6 a5 25. d7 Rf6 26. Be7 Re6 27. d8=Q+ Rxd8 28. Bxd8 h6 29. Rxa7 Rd6 30. Bxa5 Rf6
31. Rg3 h5 32. a4 c5 33. Bc7 Rc6 34. Bxe5 g6 35. a5 Re6 36. Ra8+
1-0

[Event "play 4 fun"]
[Site "SchemingMind.com"]
[Date "2009.09.12"]
[Round "-"]
[White "suckatchess"]
[Black "catfishcore"]
[Result "0-1"]
[WhiteCountry "USA"]
[BlackCountry "USA"]
[WhiteElo "1521"]
[WhiteRD "87"]
[BlackElo "1389"]
[BlackRD "79"]
[GameID "219522"]

1. e4 Nc6 2. d4 d5 3. e5 Be6 4. Nf3 a6 5. Nc3 h6 6. Bd3 Bg4 7. Be2 Bf5 8. O-O Qd7 9. Re1 g5 10. a3 g4
11. Bd3 gxf3 12. Qxf3 Nxd4 13. Qxd5 Qxd5 14. Nxd5 O-O-O 15. Ne3 Bxd3 16. cxd3 e6 17. Rd1 Bg7 18. Ng4 Ne7 19. Be3 Ndf5 20. Rac1 Nxe3
21. fxe3 h5 22. Nf2 Bxe5 23. d4 Bf6 24. b4 b5 25. Ne4 Nd5 26. Nxf6 Nxf6 27. Rc6 Kb7 28. Rdc1 Rd7 29. d5 Nxd5 30. e4 Ne3
31. R6c3 Nc4 32. Rg3 Rhd8 33. h3 h4 34. Rg7 Nxa3 35. Rf1 Nc2 36. Rfxf7 Rxf7 37. Rxf7 Nxb4 38. Kf2 Nd3+ 39. Ke3 b4 40. Kd2 Ne5+
0-1

[Event "play 4 fun"]
[Site "SchemingMind.com"]
[Date "2009.09.14"]
[Round "-"]
[White "suckatchess"]
[Black "mebalse"]
[Result "0-1"]
[WhiteCountry "USA"]
[BlackCountry "URU"]
[WhiteElo "1406"]
[WhiteRD "84"]
[BlackElo "1924"]
[BlackRD "80"]
[GameID "219523"]

1. e4 e6 2. d4 d5 3. Nc3 Nf6 4. e5 Ne4 5. Nxe4 dxe4 6. Bc4 a6 7. Be3 b5 8. Bb3 Bb7 9. Ne2 Bd5 10. c4 bxc4
11. Ba4+ c6 12. Nf4 Bb4+ 13. Bd2 Qa5 14. b3 c3 15. O-O cxd2 16. Qc2 Bc3 17. Rad1 O-O 18. a3 Bxd4 19. b4 Qc7 20. Qxd2 Bxe5
21. Nxd5 Bxh2+ 22. Kh1 cxd5 23. g3 Bxg3 24. fxg3 Qxg3 25. Rf2 e3 26. Rg2 Qh3+ 27. Rh2 Qf3+ 28. Qg2 Qxg2+ 29. Rxg2 f5 30. Rc2= g5
31. Rc7 f4
0-1

[Event "play 4 fun"]
[Site "SchemingMind.com"]
[Date "2009.09.12"]
[Round "-"]
[White "suckatchess"]
[Black "aston294"]
[Result "1-0"]
[WhiteCountry "USA"]
[BlackCountry "ENG"]
[WhiteElo "1521"]
[WhiteRD "87"]
[BlackElo "1001"]
[BlackRD "83"]
[GameID "219524"]

1. e4 e5 2. Nf3 Nc6 3. Bc4 Nd4 4. c3 Nc6 5. d3 d6 6. d4 exd4 7. cxd4 Be7 8. Bd2 Nf6 9. d5 Nxe4 10. dxc6 bxc6
11. O-O Nxd2 12. Qxd2 d5 13. Be2 Bf5 14. Ne5 f6 15. Nc3 fxe5 16. Rac1 d4 17. Bf3 dxc3 18. Bxc6+ Kf7 19. Qxc3 Qd6 20. Rfd1 Rac8
21. Rxd6 cxd6 22. Bd5+ Kf6 23. Bc6 Rxc6 24. Qxc6 g6 25. Qb7 Rd8 26. h3
1-0